| 000 | 00890na a2200265 4500 | ||
|---|---|---|---|
| 001 | 16596 | ||
| 003 | MIRAKIL | ||
| 005 | 20181213154949.0 | ||
| 008 | 161011b tu 000 0 | ||
| 040 |
_aMilas _btur _cTR-AnCHP |
||
| 041 |
_atur _aeng |
||
| 082 |
_a956.511 _bF67 2006 |
||
| 090 | _a956.511 F67 2006 | ||
| 245 |
_aFotoğraflarla dünden bugüne Ankara _b= past and present by Ankara in photographs _cyazım Tarık Deniz ; çeviri Mukaddes İnözü Velipaşaoğlu, Robin Turner |
||
| 246 | _aDünden bugüne Ankara | ||
| 246 | _aPast and present by Ankara in photographs | ||
| 260 |
_aAnkara _bMilli Eğitim Bakanlığı _c2006 |
||
| 300 |
_a84 s _bfotg. _c30 sm. |
||
| 651 |
_aAnkara _xTarih _yResimli yapıtlar |
||
| 651 |
_aAnkara _xFotoğraflar |
||
| 700 | _aTurner, Robin | ||
| 700 | _aVelipaşaoğlu, Mukaddes Inözü | ||
| 700 | _aDeniz, Tarık | ||
| 942 |
_2ddc _cBKS |
||
| 999 |
_c3977 _d3977 |
||